000
00231nam a2200085Ia 4500
008
170620s9999 xx 000 0 und d
100
_a
Anand- Mulkraj (Hindi)
245
0
_a
Mahatma Gandhi ke amar vichar (Hindi)
260
_b
New Delhi- N.C.E.R.T.
260
_c
2000
999
_c
23880
_d
23880